Statystyki dla Państwa z największą liczbą zdobywców Mount Everest

Kliknij tutaj aby rozwiązać quiz!

Ogólne statystyki

  • Ten quiz został rozwiązany 18 572 razy
  • Średni wynik to 15 z 20

Statystyki odpowiedzi

#Kraj% Poprawnych
435Chiny
97%
50Polska
97%
727Stany Zjednoczone
97%
171Rosja
93%
75Niemcy
91%
115Francja
90%
347Indie
88%
120Kanada
87%
214Japonia
83%
3620Nepal
82%
98Hiszpania
81%
385Wielka Brytania
77%
78Włochy
77%
53Meksyk
67%
105Australia
66%
42Norwegia
64%
51Austria
56%
129Korea Południowa
55%
68Szwajcaria
55%
93Nowa Zelandia
38%

Rozkład punktacji

Percentyl według liczby udzielonych odpowiedzi

Procent ludzi z każdym wynikiem

Twoja historia wyników

Nie rozwiązałeś tego quizu